00631nam a2200169Ia 4500008004100000100001900041245014900060245004300209260003000252260000900282300003900291440005700330650001100387650001700398650002200415650002400437190427s9999 xx 000 0 und d aKeilty, Bonnie 4aThe impact of an early intervention home visiting experience on students learning in a dual early childhood/special graduate preservice program/ cBonnie Keilty and Sagarika Kosaraju.-- bTaylor and Francis Group  c2018 apages 243-260, July-September 2018 aJournal of Early Childhood Teacher Education v39(3) aImpact aIntervention aSpecial Education aVisiting Experience